Countries with the letter K - Statistics

General Stats
  • This quiz has been taken 48 times
  • The average score is 14 of 18
Answer Stats
Answer % Correct
Kazakhstan
98%
Kenya
95%
Turkmenistan
91%
Kyrgyzstan
89%
United Kingdom
86%
Kiribati
84%
Turkey
84%
Tajikistan
80%
Uzbekistan
80%
Ukraine
75%
Denmark
73%
North Korea
73%
South Korea
73%
Kuwait
68%
Slovakia
66%
Saint Kitts and Nevis
52%
Sri Lanka
50%
Burkina Faso
45%
No matching quizzes found
Score Distribution
Percent of People with Each Score
Percentile by Number Answered
Your Score History
You have not taken this quiz